000 00611cab a2200229 4500
001 ABS49917
008 090401t1994 xxu||||| |||| 00| 0 eng d
035 _a(Sirsi) u73330
041 _aeng
100 _aRidout, G.
245 _aFelt tips
260 _c1994
350 _a0
490 _aBuilding
_v259(7828) 28 January 1994, 28(1)
520 _aAnnounces withdrawal of BS 747 type 1 roofing felts from the building materials market.
650 _aFLAT ROOFS
650 _aROOFING MATERIALS
690 _aBUILT ENVIRONMENT-BUILDING MATERIALS
700 _h
942 _n0
948 _c04/03/1997
999 _c46372
_d46372